| 000 | 00454nam a2200181Ia 4500 | ||
|---|---|---|---|
| 001 | 4984 | ||
| 005 | 20260306145835.0 | ||
| 008 | 260306t2011||||xx |||||||||||||| ||spa|| | ||
| 041 | _aESP | ||
| 082 |
_a332.46 _bF41 |
||
| 100 |
_aFernández Díaz, Andrés _eAUT |
||
| 245 | 0 |
_aPolítica monetaria: _bfundamentos y estrategias |
|
| 260 | _c2011 | ||
| 300 |
_axiii, 356 páginas : _c24 cm. |
||
| 650 | _aGEN | ||
| 654 | _aCAN | ||
| 942 |
_cLIB _dJUS _fJUS _2ddc _n |
||
| 999 |
_c4984 _d4984 |
||